| 000 | 00590nam a22002052 4500 | ||
|---|---|---|---|
| 001 | 0000019651 | ||
| 005 | 20151217155902.0 | ||
| 008 | 110115s xx 000 0 eng d | ||
| 020 | _a996649782x : | ||
| 040 |
_aKABU _cKABU |
||
| 100 | 1 |
_aWamitila, K. W. _@0000179484 |
|
| 245 | 1 | 0 |
_aKamusi ya misemo na nahau / _cK. W. Wamitila. |
| 250 | _a1st ed. | ||
| 260 |
_aNairobi : _bLonghorn, _c1999. |
||
| 300 | _avii, 471 p. | ||
| 650 | 0 |
_aSwahili language _xIdioms. _@0000179485 |
|
| 852 | 1 | _9p680 KES | |
| 908 | _a110115 | ||
| 950 | _@1 | ||
| 999 |
_c13707 _d13707 |
||